Couleurs du Drapeau par Symboles - 2 couleurs - Aléatoire - Statistiques

Statistiques générales
  • Ce quiz a été pris 107 fois
  • Le résultat moyen est 19 sur 20
Statistiques - réponses
Pays Symbole Couleur % Correct
Danemark Croix Blanc
100%
Grèce 4 bandes et croix Blanc
100%
Géorgie Fond Blanc
100%
Tonga Rectangle Blanc
100%
Suisse Croix Blanc
100%
Israël Fond Blanc
100%
Turquie Croissant de lune et étoile Blanc
100%
Pakistan Bande de gauche, croissant de lune et étoile Blanc
100%
Arabie Saoudite Écriture et sabre Blanc
100%
Autriche Bande centrale Blanc
100%
Pologne Bande supérieure Blanc
100%
Indonésie Bande inférieure Blanc
100%
Monaco Bande inférieure Blanc
100%
Pérou Bande centrale Blanc
100%
Honduras Bande centrale Blanc
100%
Somalie Étoile Blanc
100%
Afghanistan Fond Blanc
100%
Nigeria Bande centrale Blanc
100%
Palaos Fond Bleu
100%
Suède Fond Bleu
100%
Grèce 5 bandes et carré Bleu
100%
Israël 2 bandes et étoile à 6 branches Bleu
100%
Honduras Bandes supérieure et inférieure et 5 étoiles Bleu
100%
Somalie Fond Bleu
100%
Ukraine Bande supérieure Bleu
100%
Palaos Cercle Jaune
100%
Chine 5 étoiles Jaune
100%
Vietnam Étoile Jaune
100%
Ukraine Bande inférieure Jaune
100%
Albanie Aigle Noir
100%
Danemark Fond Rouge
100%
Géorgie Grande croix et 4 petites croix Rouge
100%
Tonga Fond et croix Rouge
100%
Chine Fond Rouge
100%
Vietnam Fond Rouge
100%
Albanie Fond Rouge
100%
Suisse Fond Rouge
100%
Turquie Fond Rouge
100%
Autriche Bandes supérieure et inférieure Rouge
100%
Pologne Bande inférieure Rouge
100%
Indonésie Bande supérieure Rouge
100%
Monaco Bande supérieure Rouge
100%
Pérou Bandes de gauche et de droite Rouge
100%
Maroc Fond Rouge
100%
Pakistan Bande de droite Vert
100%
Arabie Saoudite Fond Vert
100%
Nigeria Bandes de gauche et de droite Vert
100%
Tunisie Cercle Blanc
91%
Tunisie Fond, croissant de lune et étoile Rouge
91%
Japon Fond Blanc
89%
Kazakhstan Fond Bleu
89%
Kazakhstan Aigle, soleil et ornement Jaune
89%
Kirghizistan Soleil Jaune
89%
Afghanistan Écriture Noir
89%
Japon Cercle Rouge
89%
Kirghizistan Fond Rouge
89%
Canada Bande centrale Blanc
88%
Qatar Bande de gauche et 9 triangles Blanc
88%
Suède Croix Jaune
88%
Canada Bandes de gauche et de droite et feuille d'érable Rouge
88%
Qatar Fond Rouge/Marron
88%
Singapour Bande inférieure, lune et 5 étoiles Blanc
86%
Singapour Bande supérieure Rouge
86%
Maroc Étoile Vert
86%
Bangladesh Cercle Rouge
82%
Bangladesh Fond Vert
82%
Lettonie Bande centrale Blanc
75%
Lettonie Bandes supérieures et inférieures Rouge/Marron
75%
Finlande Fond Blanc
67%
Micronésie 4 étoiles Blanc
67%
Finlande Croix Bleu
67%
Micronésie Fond Bleu
67%
Bahreïn Bande de gauche et 5 triangles Blanc
33%
Bahreïn Fond Rouge
33%
Aucun quiz correspondant
Distribution des résultats
% des personnes avec chaque résultat
Percentile par nombre de réponses
Votre historique - résultats
Vous n’avez pas pris ce quiz